00341 a2200109 4500020001500000082001700015100002300032245006000055260005600115300002700171650003300198 a812390147X a624.1834 KRI aKarishnamurthy. D. aStructural Design and Drawing [vol 2]cD. Krishnamurthy aNew Delhi :bCBS Publishers and Distributors,c2008 a351p. :bill. ;c21 cm aStructural Design -- Drawing